All countries by performance at the Big Four beauty pageants - Statistics

General Stats
  • This quiz has been taken 25 times
  • The average score is 30 of 170
Answers on the Map
Answers color-coded by a green-red scale on the quiz's map according to % correct below.
 
Answer Stats
Answer Total Participations Total Placements Total Victories Combined placements and victories % Correct
United States 231 168 17 185
100%
Venezuela 223 128 24 152
79%
Philippines 212 110 16 126
64%
Australia 207 83 8 91
57%
Brazil 216 112 8 120
57%
Colombia 210 104 6 110
57%
India 202 87 10 97
57%
Finland 212 68 4 72
50%
France 227 78 4 82
50%
Japan 225 78 3 81
50%
Mexico 204 59 7 66
50%
Netherlands 210 52 4 56
50%
South Africa 167 80 7 87
50%
Spain 203 82 5 87
50%
Sweden 200 69 6 75
50%
Thailand 183 63 4 67
50%
Argentina 197 45 4 49
43%
Germany 217 60 6 66
43%
Norway 186 43 3 46
43%
Peru 175 56 3 59
43%
Russia 105 44 3 47
43%
South Korea 215 55 1 56
43%
Canada 214 38 3 41
36%
China 78 27 2 29
36%
Czech Republic 103 29 4 33
36%
Denmark 163 36 2 38
36%
Dominican Republic 178 44 2 46
36%
Greece 150 29 3 32
36%
Iceland 150 29 4 33
36%
Indonesia 84 31 1 34
36%
Israel 187 63 2 65
36%
Jamaica 128 43 4 47
36%
Poland 141 43 3 46
36%
United Kingdom 81 23 7 30
36%
Austria 124 33 2 35
29%
Costa Rica 180 18 2 20
29%
Croatia 72 12 12
29%
Ecuador 169 20 3 23
29%
Ireland 175 40 1 41
29%
Italy 193 42 42
29%
New Zealand 192 45 2 47
29%
Panama 153 29 2 31
29%
Portugal 144 15 1 16
29%
Slovakia 102 7 7
29%
Switzerland 146 29 29
29%
Ukraine 106 30 30
29%
Vietnam 76 31 2 33
29%
Bahamas 105 5 5
21%
Belarus 37 7 7
21%
Belgium 213 34 34
21%
Chile 146 34 1 35
21%
Cuba 36 10 10
21%
Egypt 63 6 1 7
21%
El Salvador 124 8 8
21%
Estonia 53 5 5
21%
Guatemala 146 11 1 12
21%
Honduras 160 9 1 10
21%
Hungary 85 10 10
21%
Kenya 74 15 1 16
21%
Latvia 53 4 4
21%
Malaysia 179 17 17
21%
Nicaragua 118 29 1 30
21%
Nigeria 106 21 1 22
21%
Paraguay 168 19 19
21%
Romania 68 5 5
21%
Slovenia 84 9 9
21%
Turkey 174 25 1 26
21%
Uruguay 138 12 12
21%
Albania 54 5 1 6
14%
Angola 52 9 1 10
14%
Antigua and Barbuda 20 2 2
14%
Barbados 49 3 3
14%
Belize 72 3 I 4
14%
Bolivia 299 18 18
14%
Bosnia and Herzegovina 47 6 6
14%
Botswana 50 8 1 9
14%
Bulgaria 68 2 2
14%
Cameroon 24 5 5
14%
Ghana 85 12 12
14%
Grenada 4 2 1 3
14%
Kazakhstan 44 9 9
14%
Lebanon 140 16 2 18
14%
Lithuania 29 1 1
14%
Luxembourg 80 3 3
14%
Moldova 36 3 3
14%
Montenegro 30 2 2
14%
Namibia 64 11 1 12
14%
Saint Kitts and Nevis 21 0 0
14%
Saint Lucia 14 3 3
14%
Serbia 46 0 0
14%
Sri Lanka 146 13 13
14%
Tanzania 61 5 5
14%
Trinidad and Tobago 108 27 3 30
14%
Uganda 39 5 5
14%
Afghanistan 2 0 0
7%
Algeria 2 0 0
7%
Andorra 1 0 0
7%
Armenia 22 0 0
7%
Cabo Verde 7 3 3
7%
Cambodia 29 1 1
7%
Cyprus 92 4 4
7%
Democratic Republic of the Congo 22 4 4
7%
Dominica 3 0 0
7%
Eswatini 27 1 1
7%
Ethiopia 60 5 5
7%
Georgia 45 3 3
7%
Guyana 59 10 10
7%
Haiti 51 7 7
7%
Kosovo 29 4 4
7%
Malta 140 3 3
7%
Mauritius 101 8 8
7%
Nepal 69 11 11
7%
North Macedonia 23 0 0
7%
Republic of the Congo 5 0 0
7%
Rwanda 12 1 1
7%
Saint Vincent and the Grenadines 14 0 0
7%
Seychelles 21 2 2
7%
Singapore 194 8 8
7%
Tunisia 43 8 8
7%
Uzbekistan 4 0 0
7%
Zambia 46 2 2
7%
Zimbabwe 54 14 14
7%
Azerbaijan 1 0 0
0%
Bahrain 4 0 0
0%
Bangladesh 28 3 3
0%
Benin 1 0 0
0%
Bhutan 2 0 0
0%
Burkina Faso 2 0 0
0%
Burundi 1 0 0
0%
Chad 2 0 0
0%
Equatorial Guinea 43 0 0
0%
Eritrea 1 0 0
0%
Fiji 19 1 1
0%
Gabon 15 0 0
0%
Gambia 14 0 0
0%
Guinea 10 1 1
0%
Guinea-Bissau 6 0 0
0%
Iran 3 0 0
0%
Iraq 7 0 0
0%
Ivory Coast 25 4 4
0%
Jordan 10 0 0
0%
Kyrgyzstan 19 0 0
0%
Laos 23 2 2
0%
Lesotho 15 0 0
0%
Liberia 40 4 4
0%
Madagascar 21 3 3
0%
Malawi 4 0 0
0%
Maldives 1 0 0
0%
Monaco 2 0 0
0%
Mongolia 56 11 11
0%
Morocco 24 0 0
0%
Myanmar 47 3 3
0%
Pakistan 20 1 1
0%
Palau 3 0 0
0%
Papua New Guinea 18 0 0
0%
Samoa 31 0 0
0%
San Marino 2 1 1
0%
Sao Tome and Principe 1 0 0
0%
Senegal 17 2 2
0%
Sierra Leone 26 1 1
0%
Somalia 3 3 3
0%
South Sudan 21 5 5
0%
Sudan 2 0 0
0%
Suriname 43 1 1
0%
Syria 4 0 0
0%
Taiwan 80 9 9
0%
Togo 7 0 0
0%
Tonga 8 1 1
0%
United Arab Emirates 4 2 2
0%
Vanuatu 1 0 0
0%
No matching quizzes found
Score Distribution
Percent of People with Each Score
Percentile by Number Answered
Your Score History
You have not taken this quiz